Top 10 NBA C's OAT - Statistics

General Stats
  • This quiz has been taken 22 times
  • The average score is 9 of 10
Answer Stats
Hint Answer % Correct
#4 - Celtics Bill Russell
100%
#8 - Knicks Patrick Ewing
100%
#3 - Lakers Shaquille O'Neal
100%
#6 - Spurs David Robinson
95%
#5 - Rockets Hakeem Olajuwon
95%
#1 - Bucks Kareem Abdul-Jabbar
95%
#2 - Warriors Wilt Chamberlain
95%
#10 - Trailblazers Bill Walton
86%
#7 - 76ers Moses Malone
81%
#9 - Lakers George Mikan
76%
No matching quizzes found
Score Distribution
Percent of People with Each Score
Percentile by Number Answered
Your Score History
You have not taken this quiz